00449nam a2200133Ia 4500008004100000100003900041245006900080245003900149260005900188260000900247650001800256650001500274856002600289170221s9999 xx 000 0 und d aAsdrúbal Borges Formiga Sobrinho aCreative Meanings within the Context of an Advertising Campaign  cAsdrúbal Borges Formiga Sobrinho bOnline Journal of Communication and Media Technologies c2016 xCommunication xMedia Arts uhttp://www.ojcmt.net/